Jurassic Park Characters by Image Quiz Stats

 Plays Quiz Updated Jun 17, 2018

Challenge
Share
Tweet
Score 0/24 Timer 06:00
1 Play Today
Character % Correct
John Hammond
92%
Dr. Alan Grant
87.4%
Dr. Ian Malcolm
83.5%
Dr. Ellie Sattler
80.4%
Dennis Nedry
77.7%
Tim Murphy
76.8%
Lex Murphy
73.7%
Dr. Henry Wu
65.2%
Robert Muldoon
63.5%
Owen Grady
62.4%
Ray Arnold
60%
Sarah Harding
57%
Character % Correct
Donald Gennaro
55.6%
Claire Dearing
52%
Nick Van Owen
40.1%
Billy Brennan
36.4%
Kelly Curtis
36%
Eddie Carr
35.4%
Eric Kirby
34.7%
Paul Kirby
34.6%
Simon Masrani
33.6%
Amanda Kirby
33.3%
Roland Tembo
32.5%
Mr. Udesky
23.5%

You're not logged in!

Compare scores with friends on all Sporcle quizzes.
Join for Free
OR
Log In

You Might Also Like...

Show Comments

Extras

Top Quizzes Today


Score Distribution

Your Account Isn't Verified!

In order to create a playlist on Sporcle, you need to verify the email address you used during registration. Go to your Sporcle Settings to finish the process.

Report this User

Report this user for behavior that violates our Community Guidelines.

Details: